000
00230nam a2200097Ia 4500
005
20251222114407.0
008
251222s1900||||xx |||||||||||||| ||spa||
082
_a
DVD0070/F32/1963
245
0
_a
Otto e mezzo:Ocho y medio
942
_c
DVD
999
_c
1892
_d
1892